000 00370nam a2200145Ia 4500
008 191201s2005 xx 000 0 und d
082 _a658.5
_bKHI
100 _aKhanna, O P
245 0 _aIndustrial Engineering and Management
250 _aRep
260 _aN.Delhi
_bDhanpat Rai Pubns (P) Ltd
_c2005
300 _a1.1-39.13
650 _aB.Tech(ME)
942 _2ddc
_cBK
_03
999 _c862
_d862